Integration in Ukrainian Agrarian Sector
Domácnosti v poľnohospodárskom sytéme Ukrajiny. Koncepčný model zmluvnej výroby pre hospodárske subjekty v agrárnom sektore ekonomiky Ukrajiny.
Salvato in:
| Autore principale: | |
|---|---|
| Altri autori: | |
| Natura: | Capitolo di libro |
| Lingua: | inglese |
| Soggetti: | |
| Tags: |
Nessun Tag, puoi essere il primo ad aggiungerne!!
|
MARC
| LEADER | 00000naa a2200000 4500 | ||
|---|---|---|---|
| 001 | 0235580 | ||
| 005 | 20240502073817.6 | ||
| 041 | 0 | |a eng | |
| 044 | |a SK | ||
| 245 | 1 | 0 | |a Integration in Ukrainian Agrarian Sector |c Andrii Hutorov, Erika Dudáš-Pajerská |
| 520 | |a Domácnosti v poľnohospodárskom sytéme Ukrajiny. Koncepčný model zmluvnej výroby pre hospodárske subjekty v agrárnom sektore ekonomiky Ukrajiny. | ||
| 610 | 2 | 0 | |a integrácia |
| 610 | 2 | 0 | |a poľnohospodárstvo |
| 610 | 2 | 0 | |a Ukrajina |
| 610 | 2 | 0 | |a domácnosti |
| 610 | 2 | 0 | |a produkcia |
| 610 | 2 | 0 | |a výroba poľnohospodárska |
| 100 | 1 | |a Hutorov, Andrii | |
| 700 | 1 | |a Dudáš-Pajerská, Erika, 1988- | |